• 首页
  • 本馆介绍
  • 公告通知
  • 最新文献
  • 馆藏检索
  • 电子资源
  • 读者导购
  • 参考咨询
  • 我的图书馆
  • 登录
  • 详细信息显示
  • 放入我的书架
  • 预约/预借图书
  • 作者相关作品
  • 分类相关作品
  • 丛书相关作品
  • 出版社相关作品

书目信息

  • 表格格式
  • 工作单格式
  • 卡片格式
题名:
中国图书馆图书分类法使用说明
    
 
作者: ;中国图书馆图书分类法编辑委员会 编
分册:  
出版信息: 北京   书目文献出版社  1981
页数: 163页
开本: 19cm
丛书名:
单 册:
中图分类: G254.11
科图分类:
主题词: 图书馆学 , 图书馆事业
电子资源:
ISBN:
000 00839nam0 2200241 45
001 0181007592
005 20060815150413.89
010    @dCNY0.58
091    @a7201.27
100    @a20040425d km y0chiy0120 ea
101 0  @achi
102    @aCN@b110000
105    @ay z 000yy
200 10 @a中国图书馆图书分类法使用说明@Azhong guo tu shu guan tu shu fen lei fa shi yong shuo ming@f中国图书馆图书分类法编辑委员会编@Fzhong guo tu shu guan tu shu fen lei fa bian ji wei yuan hui bian
210    @a北京@c书目文献出版社@d1981
215    @a163页@d19cm
606 0  @a图书馆学
606 0  @a图书馆事业
690    @aG254.11
711 02 @a中国图书馆图书分类法编辑委员会@Azhong guo tu shu guan tu shu fen lei fa bian ji wei yuan hui@4编
801  2 @aCN@bNLC@c20060815
801  0 @aCN@b上海图书馆@c20060811
905    @f5@b63653-657@dG254.11@e9
    
    中国图书馆图书分类法使用说明/中国图书馆图书分类法编辑委员会编.-北京:书目文献出版社,1981
    163页;19cm
    
    
    ISBN :CNY0.58
    
●
相关链接 在E读中查询图书 在五车中查询图书 在当当中查询图书 在豆瓣中查询图书


正题名:中国图书馆图书分类法使用说明     索取号:G254.11/9         预约/预借

序号 登录号 条形码 馆藏地/架位号 状态 备注
1 0063653   000501861   密集书库/ [索取号:G254.11/9] 在馆    
2 0063654   000501843   密集书库/ [索取号:G254.11/9] 在馆    
3 0063655   000501825   密集书库/ [索取号:G254.11/9] 在馆    
4 0063656   000501834   第四借阅区/ [索取号:G254.11/9] 在馆    
5 0063657   000501852   密集书库/ [索取号:G254.11/9] 在馆    
6 0277040   000502003   密集书库/ [索取号:G254.11/9] 在馆    
7 0421317   204213172   密集书库/ [索取号:G254.11/9] 在馆    
8 0448083   204480837   密集书库/ [索取号:G254.11/9] 在馆    
9 0448084   204480846   密集书库/ [索取号:G254.11/9] 在馆    
10 0448389   204483898   密集书库/ [索取号:G254.11/9] 在馆    
11 0448660   204486608   密集书库/ [索取号:G254.11/9] 在馆    
12 0448661   204486617   密集书库/ [索取号:G254.11/9] 在馆    
13 0460270   204602705   密集书库/ [索取号:G254.11/9] 在馆    
14 0460271   204602714   密集书库/ [索取号:G254.11/9] 在馆    
15 0460272   204602723   密集书库/ [索取号:G254.11/9] 在馆    
16 0460273   204602732   密集书库/ [索取号:G254.11/9] 在馆    
唐山师范学院图书馆 欢迎您!
大连网信软件有限公司© 版权所有